[New Trends in Process Control Management]

Recenzia na monografiu, ktorá prináša komplexnú bázu všestranne využiteľných poznatkov z oblasti manažérskych teórií a možností ich praktickej aplikácie.

Saved in:
Bibliographic Details
Main Author: Gontkovičová, Barbora, 1986-
Format: Book Chapter
Language:Slovak
Subjects:
Tags: Add Tag
No Tags, Be the first to tag this record!

MARC

LEADER 00000naa a2200000 4500
001 0248322
005 20240502073955.5
041 0 |a slo 
044 |a SK 
245 1 0 |a [New Trends in Process Control Management]  |c Barbora Gontkovičová 
520 |a Recenzia na monografiu, ktorá prináša komplexnú bázu všestranne využiteľných poznatkov z oblasti manažérskych teórií a možností ich praktickej aplikácie. 
610 2 0 |a recenzie 
610 2 0 |a teória riadenia 
610 2 0 |a manažment 
610 2 0 |a riadenie procesné 
610 2 0 |a metódy riadenia 
100 1 |a Gontkovičová, Barbora, 1986-